लोड हो रहा है...

Introduction to crop husbandry including grassland

ग्रंथसूची विवरण
मुख्य लेखक: Lockhart, J AR
स्वरूप: Printed Book
भाषा:Undetermined
English
प्रकाशित: Oxford Pergamon Press 1983
संस्करण:5
विषय:
LEADER 00574nam a2200181Ia 4500
008 140306s9999 xx 000 0 und d
041 |a eng 
082 |a 630  |b LOC/IN 
100 |a Lockhart, J AR 
245 |a Introduction to crop husbandry including grassland 
250 |a 5 
260 |a Oxford  |b Pergamon Press  |c 1983 
300 |a 256 
365 |b UKP.16.00 
650 |a Field Crops 
942 |2 ddc  |c BK 
999 |c 117333  |d 117333 
952 |0 0  |1 0  |2 ddc  |4 0  |6 630_000000000000000_LOCIN  |7 0  |9 116237  |a KAUHCV  |b KAUHCV  |d 2002-04-29  |g 16.00  |o 630 LOC/IN  |p KAU_HCV-15900  |r 2014-03-22  |w 2014-03-22  |y BK